000 00490nam a2200181Ia 4500
005 20250603144802.0
008 250603s9999 xx 000 0 und d
020 _a978-1-032-75540-3
050 _aPN 1993.5 .P35/
100 _aHole, Kristin Lené
245 0 _aDecolonial Imaginaries in Palestinian Experimental Film and Video: Postnational and Feminist Aesthetics
260 _aOxon
260 _bRoutledge
260 _c2024
300 _a117 p
650 _aOxon
942 _cBK
999 _c39941
_d39941